000049053 001__ 49053
000049053 005__ 20230317220843.0
000049053 0247_ $$2doi$$a10.1088/0031-8949/2013/T152/014011
000049053 0247_ $$2ISSN$$a1402-4896
000049053 0247_ $$2ISSN$$a0031-8949
000049053 0247_ $$2WOS$$aWOS:000314103800012
000049053 037__ $$aGSI-2013-00682
000049053 041__ $$aEnglish
000049053 082__ $$a530
000049053 1001_ $$0P:(DE-Ds200)OR0694$$aLanganke, Karlheinz$$b0$$eCorresponding author$$ugsi
000049053 245__ $$aThe role of radioactive ion beams in nuclear astrophysics
000049053 260__ $$aBristol$$bIoP Publ.$$c2013
000049053 3367_ $$0PUB:(DE-HGF)16$$2PUB:(DE-HGF)$$aJournal Article$$bjournal$$mjournal$$s1362642450_20672
000049053 3367_ $$2DRIVER$$aarticle
000049053 3367_ $$2BibTeX$$aARTICLE
000049053 3367_ $$00$$2EndNote$$aJournal Article
000049053 536__ $$0G:(DE-HGF)POF2-533$$a533 - Exotic Nuclei and Nuclear Astrophysics (ENNA) (POF2-533)$$cPOF2-533$$fPOF II$$x0
000049053 588__ $$aDataset connected to CrossRef, repository.gsi.de
000049053 7001_ $$0P:(DE-HGF)0$$aSchatz, Hendrik$$b1
000049053 773__ $$0PERI:(DE-600)1477351-x$$a10.1088/0031-8949/2013/T152/014011$$gVol. T152, p. 014011 -$$p014011 -$$tPhysica scripta$$vT152$$x1402-4896$$y2013
000049053 909CO $$ooai:repository.gsi.de:49053$$pVDB
000049053 9101_ $$0I:(DE-Ds200)20121206GSI$$6P:(DE-Ds200)OR0694$$aGSI Helmholtzzentrum für Schwerionenforschung GmbH$$b0$$kGSI
000049053 9131_ $$0G:(DE-HGF)POF2-533$$1G:(DE-HGF)POF2-530$$2G:(DE-HGF)POF2-500$$3G:(DE-HGF)POF2$$4G:(DE-HGF)POF$$aDE-HGF$$bStruktur der Materie$$lPhysik der Hadronen und Kerne$$vExotic Nuclei and Nuclear Astrophysics (ENNA)$$x0
000049053 9141_ $$y2013
000049053 915__ $$0StatID:(DE-HGF)0010$$2StatID$$aJCR/ISI refereed
000049053 915__ $$0StatID:(DE-HGF)0020$$2StatID$$aNo Peer review
000049053 915__ $$0StatID:(DE-HGF)0110$$2StatID$$aWoS$$bScience Citation Index
000049053 915__ $$0StatID:(DE-HGF)0111$$2StatID$$aWoS$$bScience Citation Index Expanded
000049053 915__ $$0StatID:(DE-HGF)0150$$2StatID$$aDBCoverage$$bWeb of Science Core Collection
000049053 915__ $$0StatID:(DE-HGF)0199$$2StatID$$aDBCoverage$$bThomson Reuters Master Journal List
000049053 915__ $$0StatID:(DE-HGF)0200$$2StatID$$aDBCoverage$$bSCOPUS
000049053 915__ $$0StatID:(DE-HGF)0420$$2StatID$$aNationallizenz
000049053 915__ $$0StatID:(DE-HGF)1020$$2StatID$$aDBCoverage$$bCurrent Contents - Social and Behavioral Sciences
000049053 920__ $$lyes
000049053 9201_ $$0I:(DE-Ds200)THE-20051214OR028$$kTHE$$lTheorie$$x0
000049053 980__ $$ajournal
000049053 980__ $$aVDB
000049053 980__ $$aI:(DE-Ds200)20120319OR028
000049053 980__ $$aI:(DE-Ds200)THE-20051214OR028
000049053 980__ $$aUNRESTRICTED